| 000 | 03946cam a2200877 i 4500 | ||
|---|---|---|---|
| 001 | 841212335 | ||
| 003 | OCoLC | ||
| 005 | 20200720113147.0 | ||
| 008 | 130425s2014 caua c 6 000 1 eng | ||
| 010 | _a2013013559 | ||
| 020 | _a9781423162797 | ||
| 020 | _a142316279X | ||
| 020 | _a9781423163251 | ||
| 020 | _a1423163257 | ||
| 020 | _a9780606358972 | ||
| 020 | _a0606358978 | ||
| 020 | _a1480669946 | ||
| 020 | _a9781480669949 | ||
| 035 |
_a(OCoLC)841212335 _z(OCoLC)870287702 _z(OCoLC)906018598 |
||
| 037 |
_bDisney Pr, C/O Hachette Book Group USA 53 State st 9th Fl, Boston, MA, USA, 02109 _nSAN 200-2205 |
||
| 040 |
_aDLC _beng _cDLC _dIG# _dYDXCP _dIEP _dNYP _dIH7 _dABG _dIOH _dTXA _dQBX _dTOH _dUIU _dT8C _dQJA _dBTCTA _dOCLCO _dOCLCA _dCHY _dOCLCQ _dOCLCO _dQBX _dCHY _dWYZ _dCD5 _dOCLCA _dT7F _dQT4 _dQT7 _dMDK _dOCLCF _dMLM _dLKC _dOCLCO _dTL4 _dOCLCO _dAZZPT _dOCLCO _dHFU |
||
| 042 |
_alcac _apcc |
||
| 043 | _an-us--- | ||
| 050 | 0 | 0 |
_aPZ7.7.V48 _bLo 2014 |
| 082 | 0 | 0 |
_a741.5/973 _223 |
| 092 | _aJ GRAPHIC NOVEL | ||
| 099 |
_aYA-G _aV4524ho _a1 |
||
| 100 | 1 |
_aVenditti, Robert, _eauthor. _95756411 |
|
| 245 | 1 | 4 |
_aThe lost hero : _bthe graphic novel / _cby Rick Riordan ; adapted by Robert Venditti ; art by Nate Powell ; color by Orpheus Collar ; lettering by Chris Dickey. |
| 250 | _aFirst edition. | ||
| 264 | 1 |
_aLos Angeles : _bDisney Hyperion, _c[2014] |
|
| 300 |
_a1 volume (unpaged) : _bcolor illustrations ; _c23 cm. |
||
| 336 | _atext | ||
| 336 | _astill image | ||
| 337 | _aunmediated | ||
| 338 | _avolume | ||
| 490 | 1 |
_aThe heroes of Olympus ; _vbook one. |
|
| 500 | _a"Adapted from the novel The Heroes of Olympus, Book One: The Lost Hero"--Copyright page. | ||
| 520 | _aJason, Piper, and Leo, three students from a school for "bad kids," find themselves at Camp Half-Blood, where they learn that they are demigods and begin a quest to free Hera, who has been imprisoned by Mother Earth herself. | ||
| 600 | 0 | 0 |
_aHera _c(Greek deity) _vComic books, strips, etc. _96366256 |
| 600 | 1 | 0 |
_aRiordan, Rick. _tLost hero _vAdaptations _vJuvenile literature. _96366257 |
| 600 | 0 | 0 |
_aGaia _c(Greek deity) _vComic books, strips, etc. _96366258 |
| 600 | 1 | 0 |
_aRiordan, Rick. _tLost hero _vAdaptations. _96366259 |
| 600 | 0 | 0 |
_aHera _c(Greek deity) _vCaricatures and cartoons. _96366260 |
| 600 | 0 | 0 |
_aGaia _c(Greek deity) _vCaricatures and cartoons. _96366261 |
| 600 | 0 | 1 |
_aHera _c(Greek deity) _vFiction. _95784844 |
| 600 | 0 | 1 |
_aGaia _c(Greek deity) _vFiction. _95784845 |
| 650 | 0 |
_aMythology, Greek _vComic books, strips, etc. _96366262 |
|
| 650 | 0 |
_aCamps _vComic books, strips, etc. _95692736 |
|
| 650 | 0 |
_aMonsters _vComic books, strips, etc. _95692737 |
|
| 650 | 0 |
_aMythology, Greek _vCaricatures and cartoons. _96366263 |
|
| 650 | 0 |
_aCamps _vCaricatures and cartoons. _96366264 |
|
| 650 | 0 |
_aMonsters _vCaricatures and cartoons. _96366265 |
|
| 650 | 1 |
_aMythology, Greek _vFiction. _95674365 |
|
| 650 | 1 |
_aCamps _vFiction. _95676994 |
|
| 650 | 1 |
_aMonsters _vFiction. _95674164 |
|
| 655 | 7 |
_aGraphic novels. _2lcgft _96366266 |
|
| 655 | 4 |
_aGraphic books. _95716578 |
|
| 655 | 4 |
_aYoung adult. _95691237 |
|
| 655 | 7 |
_aComics (Graphic works) _2lcgft _95689343 |
|
| 655 | 4 |
_aYoung adult nonfiction. _95811889 |
|
| 655 | 7 |
_aGraphic novels. _2local. _96366266 |
|
| 655 | 7 |
_aAdaptations. _2fast _95697545 |
|
| 655 | 7 |
_aComic books, strips, etc. _2fast _96366267 |
|
| 655 | 7 |
_aGraphic novels. _2fast _96366266 |
|
| 655 | 7 |
_aJuvenile works. _2fast _95673941 |
|
| 655 | 7 |
_aFiction. _2lcgft _95673940 |
|
| 655 | 7 |
_aAdaptations. _2lcgft _95697545 |
|
| 655 | 7 |
_aCaricatures. _2lcgft _96366268 |
|
| 655 | 7 |
_aCartoons (Humor) _2lcgft _96366269 |
|
| 700 | 1 |
_aPowell, Nate, _eillustrator. _95932495 |
|
| 700 | 1 |
_aRiordan, Rick. _tLost hero. _96366270 |
|
| 830 | 0 |
_aHeroes of Olympus (Disney Hyperion Books) ; _vbk. 1. _96366271 |
|
| 907 | _a.b326390716 | ||
| 942 |
_2ddc _cBOOK |
||
| 999 |
_c351897 _d351897 |
||